Sons de l'album "+99XP" de Jolagreen23 - Statistiques

Statistiques générales
  • Ce quiz a été pris 70 fois
  • Le résultat moyen est 10 sur 15
Statistiques - réponses
Son % Correct
4 1.2.3 (2023VERSION) (feat.Adèle Castillon)
90%
8 4BULLDOG
74%
13 360TRICKSHOT
70%
1 JOLLY ROGER
70%
12 SLIDE
70%
14 800€
66%
11 BRICK BY BRICK
66%
6 CRASH BANDICOOT
66%
2 LONGLIFE NICKY LARSON (feat.Green Montana)
64%
3 ESSKE ?
62%
7 PUTAIN D'HIVER
62%
5 STALINGRAD
62%
9 PLUS LE MÊME (feat.Lesram)
60%
10 HELLCAT OU CAMARO
54%
15 KEDOISJEFAIRE ?
44%
Aucun quiz correspondant
Distribution des résultats
% des personnes avec chaque résultat
Percentile par nombre de réponses
Votre historique - résultats
Vous n’avez pas pris ce quiz